<?xml version="1.0" encoding="UTF-8"?>
<record
    xmlns:xsi="http://www.w3.org/2001/XMLSchema-instance"
    xsi:schemaLocation="http://www.loc.gov/MARC21/slim http://www.loc.gov/standards/marcxml/schema/MARC21slim.xsd"
    xmlns="http://www.loc.gov/MARC21/slim">

  <leader>01840nam a2200277Ia 4500</leader>
  <controlfield tag="001">F4945</controlfield>
  <controlfield tag="003">IT-RoPAU</controlfield>
  <controlfield tag="008">130308s9999    xx            000 0 und d</controlfield>
  <datafield tag="040" ind1=" " ind2=" ">
    <subfield code="a">IT-RoPAU</subfield>
  </datafield>
  <datafield tag="040" ind1=" " ind2=" ">
    <subfield code="c">IT-RoPAU</subfield>
  </datafield>
  <datafield tag="041" ind1=" " ind2=" ">
    <subfield code="a">ITALIANO</subfield>
  </datafield>
  <datafield tag="100" ind1=" " ind2=" ">
    <subfield code="a">Alberione Giacomo</subfield>
  </datafield>
  <datafield tag="100" ind1=" " ind2=" ">
    <subfield code="g">Codice Aut. SPICS: 10028</subfield>
  </datafield>
  <datafield tag="245" ind1=" " ind2=" ">
    <subfield code="a">Meditazioni del Primo Maestro alle suore Figlie di San Paolo</subfield>
  </datafield>
  <datafield tag="245" ind1=" " ind2=" ">
    <subfield code="b">Meditazioni del Primo maestro Alle Suore Figlie di San Paolo</subfield>
  </datafield>
  <datafield tag="250" ind1=" " ind2=" ">
    <subfield code="a">1a ed.</subfield>
  </datafield>
  <datafield tag="260" ind1=" " ind2=" ">
    <subfield code="b">s.e. (senza Editrice o non identificata)</subfield>
  </datafield>
  <datafield tag="260" ind1=" " ind2=" ">
    <subfield code="c">1931 [1&#xB0; Ed.:1931 - Ed.Ling.Originale:1931]</subfield>
  </datafield>
  <datafield tag="300" ind1=" " ind2=" ">
    <subfield code="a">"72 p. (prefazione: no ; testo: 72 [pagine: 0-0])"</subfield>
  </datafield>
  <datafield tag="500" ind1=" " ind2=" ">
    <subfield code="a">Spirito Paolino (Natale 1929), Preziosit&#xE0; del Tempo della giovinezza (05.02.30), Vita Comune (06.02.30), Gesu' Modello e Fine della Vita Religiosa (06.02.30), Devozione a Maria Santissima nella Visita, Confessione Spirituale nella visita (23.05.30), Apostolo e Apostolato Stampa (14.07.31), la nostra fortuna (15.07.31), L'Apostolato (16.07.31), Esame di Coscienza (17.07.31), Maria Assunta (14/15.08.31), Atto di fede (18.08.31), Apostolato della Stampa (03.09.31), scopi del Rosario (02.10.31), Rosario canale di grazie (03.10.31), Rosario e Anime del Purgatorio (06.10.31), passione Predominante(25.10.31), Gesu' Cristo Re (25.10.31), Vita Comune (23.11.31), passione Predominante (27.11.31), Attende Tibi (30.11.31), Confessione (07.12.31), virt&#xF9; familiari in Religione (09.12.31), virt&#xF9; Familiari: Umilt&#xE0; con gli inferiori (10.12.31), virt&#xF9; Familiari: la Carit&#xE0; (11.12.31), Devozione Alla Madonna (12.12.31), Natale: Amore al Vangelo (25.12.31). Meditazioni Tenute nella Casa delle Figlie di San Paolo di Alba.</subfield>
  </datafield>
  <datafield tag="650" ind1=" " ind2=" ">
    <subfield code="a">SCRITTI DI GIACOMO ALBERIONE</subfield>
  </datafield>
  <datafield tag="650" ind1=" " ind2=" ">
    <subfield code="e">Codice materia Spics: 9901</subfield>
  </datafield>
  <datafield tag="942" ind1=" " ind2=" ">
    <subfield code="c">BK</subfield>
  </datafield>
  <datafield tag="957" ind1=" " ind2=" ">
    <subfield code="7">1</subfield>
  </datafield>
  <datafield tag="999" ind1=" " ind2=" ">
    <subfield code="c">95615</subfield>
    <subfield code="d">95615</subfield>
  </datafield>
  <datafield tag="999" ind1=" " ind2=" ">
    <subfield code="g">1</subfield>
  </datafield>
  <datafield tag="952" ind1=" " ind2=" ">
    <subfield code="0">0</subfield>
    <subfield code="1">0</subfield>
    <subfield code="4">0</subfield>
    <subfield code="6">F_000000000000000_4945</subfield>
    <subfield code="7">1</subfield>
    <subfield code="a">SPICS</subfield>
    <subfield code="b">SPICS</subfield>
    <subfield code="d">2013-03-08</subfield>
    <subfield code="l">0</subfield>
    <subfield code="o">F4945</subfield>
    <subfield code="r">2013-03-08 00:00:00</subfield>
    <subfield code="w">2013-03-08</subfield>
    <subfield code="y">BK</subfield>
    <subfield code="z">Progressivo inserimento:  60236 /  N. Volumi: 1 Copie: 1  / data import: 1 marzo 2013 - By Epidotti, Trombetti, Vaglietti. </subfield>
  </datafield>
</record>
